WR 49 kenmerkende aspecten - vwo 6 - Statistieken

Algemene statistieken
  • Deze quiz is 81 keer genomen
  • De gemiddelde score is 16 van 53
Antwoordstatistieken
periode # hint kenmerkende aspect kernbegrip % Correct
prehistorie & oudheid 1 de levenswijze van ______-___________ jagers-verzamelaars prehistorie
100%
3 het ontstaan van __ ______ __________ _____________ de eerste stedelijke gemeenschappen het schrift
62%
5 __ ________ __________ van de Grieks-Romeinse cultuur de klassieke vormentaal klassieke cultuur
52%
2 het ontstaan van ______ __ ______ landbouw en landbouwsamenlevingen agrarische revolutie
52%
46 De _____________ die een eind maakte aan de westerse hegemonie in de wereld dekolonisatie dekolonisatie
48%
10 Het ontstaan en __ ___________ ___ __ _____ de verspreiding van de islam islam
48%
middeleeuwen 9 __ ____________ ___ ___ _________ in geheel Europa de verspreiding van het christendom missionaris
43%
12 ___ _________ ___ _______ ____________ in het bestuur het ontstaan van feodale verhoudingen trouw
43%
11 De vrijwel volledige vervanging in West-Europa van de agrarisch-urbane cultuur door een zelfvoorzienende agrarische cultuur, georganiseerd via __________ __ _________ hofstelsel en horigheid autarkie
43%
32 Discussies over de ‘_______ _______’ sociale kwestie vakbonden
43%
4 de ontwikkeling van _________________ ______ en het denken over burgerschap __ ________ __ __ _______ __________ wetenschappelijk denken en politiek in de Griekse stadsstaat directe democratie
43%
6 __ _____ ___ ___ ________ ________ waardoor de Grieks-Romeinse cultuur zich in Europa verspreidde de groei van het Romeinse imperium romanisering
38%
23 Het streven van vorsten naar absolute macht (___________) absolutisme droit divin
33%
7 __ ___________ ______ __ ______-_______ _______ __ __ _________ _______ van Noordwest-Europa de confrontatie tussen de Grieks-Romeinse cultuur en de Germaanse cultuur volksverhuizingen
33%
47 __ __________ ___ ______ de eenwording van Europa Europese Gemeenschap voor Kolen en Staal
33%
45 De verdeling van de wereld in twee ideologische blokken in de greep van een wapenwedloop en de daaruit voortvloeiende dreiging van een atoomoorlog (__ _____ ______) de Koude Oorlog blokvorming
33%
40 ___ ______ ___ ____ ______________ het voeren van twee wereldoorlogen wereldoorlog
33%
moderne tijd 31 De ___________ _________ die in de westerse wereld de basis legde voor een industriële samenleving industriële revolutie industriële samenleving
33%
17 Het ___ ___ _____________ __ _____________ begin van staatsvorming en centralisatie parlement
29%
38 Het in praktijk brengen van totalitaire ideologieën als __________ en ________/___________________ communisme fascisme/nationaalsocialisme totalitarisme
29%
30 De _____________ __________ in westerse landen met als gevolg discussies over grondwetten, grondrechten en staatsburgerschap democratische revoluties volkssoevereiniteit
29%
15 Het conflict in de christelijek wereld over de vraag of de wereldlijke dan wel de geestelijke macht het promaat behoorde te hebben (_________________) investituurstrijd tweezwaardenleer
29%
36 De opkomst van politiek-maatschappelijke stromingen: l__________, n___________, s_________, c_______________ en f________ liberalisme nationalisme socialisme confessionalisme feminisme verzuiling
29%
33 De moderne vorm van imperialisme die verband hield met de industrialisatie (______ ____________) modern imperialisme koloniën
29%
49 De ontwikkeling van pluriforme en ______________ _____________ multiculturele samenlevingen globalisering
29%
21 De protestantse __________ die splitsing van de christelijke kerk in West-Europa tot gevolg had Reformatie protestantisme
29%
14 De opkomst van de stedelijke burgerij en de _________ ______________ ___ ______ toenemende zelfstandigheid van steden stadsrecht
29%
28 Voortbestaan van het ancien régime met pogingen om het vorstelijk bestuur op eigentijdse, verlichte wijze vorm te geven (________ ___________) verlicht absolutisme publieke opinie
29%
TIJDSCHARNIER (jaartal) - Begin Renaissance 1500
24%
TIJDSCHARNIER (JAARTAL) - INDUSTRIËLE REVOLUTIE 1800 industrie en democratie
24%
TIJDSCHARNIER (JAARTAL) 1900 massasamenleving
24%
TIJDSCHARNIER (jaartal) - Val Romeinse Rijk 500
24%
39 __ ______ ___ ___ __________________ de crisis van het wereldkapitalisme economische crisis
24%
26 __ ________________ _________ de wetenschappelijke revolutie empirisme / rationalisme
24%
41 Racisme en discriminatie die leidden tot ________, in het bijzonder __ __ _____ genocide op de joden holocaust
24%
13 De opkomst van handel en ambacht die de basis legde voor het ________ ___ ___ ______-______ ___________ herleven van een agrarisch-urbane samenleving geldeconomie
24%
8 de ontwikkeling van ___ ________ __ ___ __________ ___ ______ _____________ ____________ het jodendom en het christendom als eerste monotheïstische godsdiensten monotheïsme
24%
29 Uitbouw van de Europese overheersing, met name in de vorm van plantagekoloniën en de daarmee verbonden trans-Atlantische ___________ __ de opkomst van het _____________ slavenhandel en abolitionisme driehoekshandel
24%
vroegmoderne tijd 18 Het _____ ___ __ ________ _________ begin van de Europese expansie ontdekkingsreizen
19%
42 __ ______ _________ ___ _________ de Duitse bezetting van Nederland nazificatie
19%
16 __ ________ ____ __ ___________ ______ ____ ______ ___, onder andere in de vorm van kruistochten de expansie van de christelijke wereld naar buiten toe kruistochten
19%
27 Rationeel optimisme en 'verlicht denken' dat werd toegepast op alle terreinen van de samenleving: godsdienst, economie en sociale verhoudingen (__ ___________) de Verlichting scheiding der machten
19%
34 De opkomst van _____________________ emancipatiebewegingen gelijkberechting
19%
20 De __________ __________ __ het erfgoed van __ ________ _______ hernieuwde oriëntatie op de klassieke oudheid humanisme
19%
25 Wereldwijde handelscontacten, handelskapitalisme en ___ _____ ____ ___ ____________ het begin van een wereldeconomie wereldeconomie
19%
35 ________________ _______________, met deelname van steeds meer mannen en vrouwen aan het politieke proces voortschrijdende democratisering kiesrecht
19%
22 ___ ________ __ __ ___________ ___ ___________ __ __ _________ ___ ___ ___________ _____ het conflict in de Nederlanden dat resulteerde in de stichting van een Nederlandse staat Tachtigjarige Oorlog
14%
19 ___ ____________ ___- __ ___________ ___ __ ___________ __ ___ _____ ___ ___ ______ _______________ ______________ het veranderende mens- en wereldbeeld van de renaissance en het begin van een nieuwe wetenschappelijke belangstelling renaissance
14%
moderne tijd 37 De rol van _______ __________- __ ____________________ __ vormen van ________________ moderne propaganda- en communicatiemiddelen en massaorganisatie propaganda
14%
43 ____________ __ ____ ______ _________ ______ ____ ________________________ __ __ _____________ ___ __ ________________ ___ ______________ verwoestingen op niet eerder vertoonde schaal door massavernietigingswapens en de betrokkenheid van de burgerbevolking bij oorlogvoering totale oorlog
14%
24 __ __________ ______ __ ____________ _______ __ __ _____ __ _________ __ _________ _______ ___ __ ___________ _________ de bijzondere plaats in staatkundig opzicht en de bloei in economisch en cultureel opzicht van de Nederlandse Republiek burgerlijke cultuur
10%
44 ______ ___ ______ _____ ___ ____-________ ____________ vormen van verzet tegen het West-Europese imperialisme zelfbeschikkingsrecht
10%
48 __ __________ ________ ________ ___ _____ __ _____ __ ___ __ __e ____ __________ ___ ___ _______-_________ _____________________ De toenemende westerse welvaart die vanaf de jaren 60 van de 20e eeuw aanleiding gaf tot sociaal-culturele veranderingsprocessen secularisatie
5%
Geen overeenkomende quizzen gevonden
Scoreverdeling
Procent van Mensen met Elke Score
Percentiel versus Aantal Correcte Antwoorden
Uw Scoregeschiedenis
U heeft deze quiz nog niet genomen